00661 2200253 4500001002100000005001500021035002000036245005600056100001500112250000600127300003400133700001600167260003400183082000800217084001400225020002200239650002000261008004100281990001700322990001700339990001700356990001700373990001700390INLIS00000000000104520190412044811 a0010-04190000541 aSi Tukang Sablon /cSeno Subro; Editor, Nur Laili M0 aSeno Subro a- av, 47 hlm. :bilus. ;c25 cm.0 aNur Laili M aSolo :bTiga Serangkai,c2008 a813 a813 SEN s a978-979-040-044-3 aFiksi Indonesia190412 0  a03829/P/2018 a03830/P/2018 a03831/P/2018 a03832/P/2018 a03833/P/2018